Ασύρματες επικοινωνίες δίκτυα και συστήματα / (Record no. 9898)
[ view plain ]
| 000 -LEADER | |
|---|---|
| fixed length control field | 02242nam a22002537a 4500 |
| 005 - ΗΜΕΡΟΜΗΝΙΑ ΚΑΙ ΩΡΑ ΤΕΛΕΥΤΑΙΑΣ ΕΝΗΜΕΡΩΣΗΣ | |
| Πεδίο ελέγχου | 20250827114105.0 |
| 006 - FIXED-LENGTH DATA ELEMENTS--ADDITIONAL MATERIAL CHARACTERISTICS | |
| Πεδίο ελέγχου σταθερού μήκους | a|||||r||||||||||| |
| 008 - FIXED-LENGTH DATA ELEMENTS--GENERAL INFORMATION | |
| Πεδίο ελέγχου σταθερού μήκους | s2018||||gr a f ||| gre | |
| 020 ## - ISBN | |
| ISBN | 9789604185498 |
| 040 ## - ΠΗΓΗ ΚΑΤΑΛΟΓΟΓΡΑΦΗΣΗΣ | |
| Γλώσσα καταλογογράφησης | Ελληνικά, Μοντέρνα (1453-) |
| Φορέας πρωτότυπης καταλογογράφησης | MC Athens Campus Library |
| Modifying agency | MC Athens Campus Library |
| Κανόνες περιγραφικής καταλογογράφησης | AACR2 |
| 041 1# - ΓΛΩΣΣΑ | |
| Κωδικός γλώσσας πρωτότυπου | Αγγλικά |
| 100 ## - MAIN ENTRY--PERSONAL NAME | |
| Personal name | Beard, Cory |
| Σχέση | Συγγραφέας |
| 9 (RLIN) | 10028 |
| 245 00 - ΤΙΤΛΟΣ ΚΑΙ ΔΗΛΩΣΗ ΥΠΕΥΘΥΝΟΤΗΤΑΣ | |
| Τίτλος | Ασύρματες επικοινωνίες δίκτυα και συστήματα / |
| Statement of responsibility, etc. | Cory Beard,William Stallings ; επιστημονική επιμέλεια Αθανάσιος Ιωσηφίδης, Περικλής Χατζημίσιος |
| 260 ## - PUBLICATION, DISTRIBUTION, ETC. | |
| Place of publication, distribution, etc. | Θεσσαλονίκη : |
| Name of publisher, distributor, etc. | Τζιόλα, |
| Date of publication, distribution, etc. | c2018 |
| 300 ## - PHYSICAL DESCRIPTION | |
| Extent | 714 σ. : |
| Other physical details | εικ. |
| 500 ## - GENERAL NOTE | |
| Γενική σημείωση | Τίτλος πρωτοτύπου: Wireless communication : networks and systems |
| 505 0# - FORMATTED CONTENTS NOTE | |
| Formatted contents note | ΜΕΡΟΣ ΠΡΩΤΟ: ΤΕΧΝΙΚΟ ΥΠΟΒΑΘΡΟ, Βασικές αρχές μετάδοσης, Δίκτυα επικοινωνιών, Πρωτόκολλα και η σουίτα TCP/IP,<br/>ΜΕΡΟΣ ΔΕΥΤΕΡΟ: ΕΠΙΣΚΟΠΗΣΗ ΤΗΣ ΑΣΥΡΜΑΤΗΣ ΕΠΙΚΟΙΝΩΝΙΑΣ, Τεχνολογία ασύρματης επικοινωνίας, Το ασύρματο κανάλι, Τεχνικές κωδικοποίησης σήματος, Ορθογωνική πολυπλεξία διαίρεσης συχνότητας, Διασπορά φάσματος, Κωδικοποίηση και έλεγχος σφαλμάτων,<br/>ΜΕΡΟΣ ΤΡΙΤΟ: ΑΣΥΡΜΑΤΑ ΤΟΠΙΚΑ ΚΑΙ ΠΡΟΣΩΠΙΚΑ ΔΙΚΤΥΑ, Τεχνολογίες ασύρματων τοπικών δικτύων, Bluetooth και IEEE 802.5,<br/>ΜΕΡΟΣ ΤΕΤΑΡΤΟ: ΑΣΥΡΜΑΤΑ ΚΙΝΗΤΑ ΔΙΚΤΥΑ ΚΑΙ ΕΦΑΡΜΟΓΕΣ, κυψελοειδή ασύρματα δίκτυα, Συστήματα τέταρτης γενιάς και LTE-Advanced, Κινητές εφαρμογές και κινητό IP, Επικοινωνίες μεγάλης εμβέλειας, Αναφορές, Ευρετήριο. |
| 650 #0 - SUBJECT ADDED ENTRY--TOPICAL TERM | |
| Topical term or geographic name entry element | Πληροφορική |
| 9 (RLIN) | 9850 |
| 650 #0 - SUBJECT ADDED ENTRY--TOPICAL TERM | |
| Topical term or geographic name entry element | Συστήματα ασύρματων επικοινωνιών |
| 9 (RLIN) | 10029 |
| 700 1# - ΠΡΟΣΘΕΤΗ ΑΝΑΓΡΑΦΗ--ΦΥΣΙΚΟ ΠΡΟΣΩΠΟ | |
| Personal name | Stallings, William |
| Σχέση | Συγγραφέας |
| 9 (RLIN) | 1498 |
| 856 40 - ELECTRONIC LOCATION AND ACCESS | |
| Uniform Resource Identifier | <a href="www.tziola.gr">www.tziola.gr</a> |
| 942 ## - ADDED ENTRY ELEMENTS (KOHA) | |
| Koha item type | Books |
| Τύπος τεκμηρίου | Βιβλιοθήκη | Τρέχουσα τοποθεσία | Barcode | Αριθμός εισαγωγής | Ημερομηνία απόκτησης | Ταξιθετικό σύμβολο | Αριθμός αντιτύπου | Κατάσταση απόσυρσης | Κατάσταση χαμένου | Κατάσταση κατεστραμμένου | Μη δανεισμός | Σύνολο δανεισμών | Ημερομηνία τελευταίας εμφάνισης | Η τιμή ισχύει από |
|---|---|---|---|---|---|---|---|---|---|---|---|---|---|---|
| Books | MC Athens Campus Library | MC Athens Campus Library | 9780000098672 | 8149 | 27/08/2025 | 621.384 BEA | 1 | 27/08/2025 | 27/08/2025 |